[Event "SEMI B040 email"]
[Site "SEMI email"]
[Date "2004.02.16"]
[Round "?"]
[White "Gigante, Gianni"]
[Black "Hernandez Carrasco, Jose Luis"]
[Result "1-0"]
[WhiteElo "1300"]
[BlackElo "1000"]
[PlyCount "45"]
[EventDate "2004.02.16"]
[EventType "tourn (corr)"]
[EventRounds "6"]
[EventCountry "ITA"]
[SourceTitle "Corr 2008"]
[Source "ChessBase"]
[SourceDate "2008.06.24"]
[SourceVersion "1"]
[SourceVersionDate "2008.06.24"]
[SourceQuality "1"]

1. e4 e5 2. Nf3 Nc6 3. Nc3 Nf6 4. Bb5 Bb4 5. 0-0 0-0 6. d3 d6 7. Bg5 Bxc3 8. bxc3 Qe7 9. Re1 a6 10. Ba4 Nd8 11. Rb1 Ne6 12. Bc1 b5 13. Bb3 c5 14. c4 b4 15. Bd2 Bd7 16. c3 bxc3 17. Bxc3 Nf4 18. Ba5 Rab8 19. Re3 Rb7 20. g3 Nh3+ 21. Kg2 Ng4 22. Re2 Ngxf2 23. Rxf2 1-0

[Event "SEMI B040 email"]
[Site "SEMI email"]
[Date "2004.02.16"]
[Round "?"]
[White "Hernandez Carrasco, Jose Luis"]
[Black "Lanfranco, Maurizio"]
[Result "0-1"]
[WhiteElo "1000"]
[BlackElo "1000"]
[PlyCount "46"]
[EventDate "2004.02.16"]
[EventType "tourn (corr)"]
[EventRounds "6"]
[EventCountry "ITA"]
[SourceTitle "Corr 2008"]
[Source "ChessBase"]
[SourceDate "2008.06.24"]
[SourceVersion "1"]
[SourceVersionDate "2008.06.24"]
[SourceQuality "1"]

1. d4 Nf6 2. c4 e6 3. Nc3 Bb4 4. e3 0-0 5. Bd3 d5 6. Nf3 h6 7. 0-0 c5 8. cxd5 Bxc3 9. bxc3 Nxd5 10. Qb3 b6 11. e4 Nf6 12. e5 Nd5 13. c4 Nb4 14. Be4 N8c6 15. dxc5 bxc5 16. Be3 Rb8 17. Bxc5 Na6 18. Qe3 Nxc5 19. Qxc5 Bb7 20. Bxc6 Rc8 21. Nd4 Qc7 22. Qxa7 Bxc6 23. Qxc7 Rxc7 0-1